The transformation of Virginia, 1740-1790 /

Bibliographic Details
Main Author: Isaac, Rhys
Format: Book
Language:English
Published: Chapel Hill : Published for the Institute of Early American History and Culture, Williamsburg, VA., by the University of North Carolina Press, [1982]
Subjects:

MARC

Tag First Indicator Second Indicator Subfields
LEADER 00000pam a2200000 a 4500
001 in00000080178
005 20151008060848.0
008 810519s1982 ncua b 00110 eng
010 |a  81010393  
020 |a 080781489X :  |c $29.50 
035 |a (OCoLC)07554245 
035 |9 AAJ6752AM 
039 0 |a 2  |b 3  |c 3  |d 3  |e 3 
040 |a DLC  |c DLC  |d TXA  |d UtOrBLW 
043 |a n-us-va 
049 |a TXAM 
050 0 0 |a F229  |b .I8 1982 
082 0 |a 975.5/02  |2 19 
100 1 |a Isaac, Rhys. 
245 1 4 |a The transformation of Virginia, 1740-1790 /  |c by Rhys Isaac. 
264 1 |a Chapel Hill :  |b Published for the Institute of Early American History and Culture, Williamsburg, VA., by the University of North Carolina Press,  |c [1982] 
264 4 |c ©1982 
300 |a xxxii, 451 pages :  |b illustrations ;  |c 22 cm. 
336 |a text  |b txt  |2 rdacontent 
337 |a unmediated  |b n  |2 rdamedia 
338 |a volume  |b nc  |2 rdacarrier 
504 |a Includes bibliographical references and index. 
651 0 |a Virginia  |x Civilization. 
651 0 |a Virginia  |x Social life and customs  |y To 1775. 
999 |a MARS 
999 f f |s eeecb3c5-ff74-3fec-9bd3-cd4dea9dee0d  |i afc7675e-7844-35de-b5e2-51b4f5aa28c0  |t 0 
952 f f |p normal  |a Texas A&M University  |b College Station  |c Sterling C. Evans Library  |d Evans: Library Stacks  |t 0  |e F229 .I8 1982  |h Library of Congress classification  |i unmediated -- volume  |m A14806109223 
998 f f |a F229 .I8 1982  |t 0  |l Evans: Library Stacks